00550 2200193 4500001002100000005001500021035002000036245006300056100001800119250000600137300003500143700002000178260004600198082001200244084001800256020002200274650004300296990001700339INLIS00000000000044620181030042444 a0010-10180001361 aPalagan Bali /cYuli A Sastro; Ilustrator, Ntok Poncowarno0 aYuli A Sastro a- aiv, 60 hlm. :bilus. ;c25 cm.0 aNtok Poncowarno aBoyolali :bPT Hamudha Prima Media,c2007 a959.803 a959.803 YUL p a978-979-1342-90-2 aSejarah Indonesia Pada Masa Kemerekaan a01572/P/2018